00555nam a2200169 a 450000100100000000500170001000800410002704000130006808200150008110000300009624500520012626000500017830000210022804900090024995201120025899900150037000000821120200929154503.0090915s1907 dr 001 0 spa d aDO-SdBNP axxxbG589p1 aGarcía Godoy, F.92158210aPerfiles y relieves /cFederico García Godoy. aSanto Domingo :bLa Cuna de América,c1907. a181 p. ;c20 cm. aBNPD 0010718PDaPDbPDcCTd2009-09-15iLF1l0oxxx G589pp8211-10r2020-06-25w2020-06-25yLFPDZNo se presta c7985d7985